Statistics for FIBA Basketball World Cup - Top 4 teams at each tournament

Click here to take the quiz!

General Stats

  • This quiz has been taken 813 times
    (317 since last reset)
  • The average score is 17 of 23

Answer Stats

Teams% Correct
USA
99%
Spain
98%
Germany
97%
Canada
95%
France
95%
Argentina
92%
Brazil
88%
Serbia
88%
Italy
83%
Russia
83%
Australia
82%
Greece
79%
Yugoslavia
77%
Lithuania
74%
Soviet Union
74%
Turkey
71%
Croatia
66%
New Zealand
53%
Chile
48%
Cuba
42%
Philippines
37%
Puerto Rico
32%
Taiwan
17%

Score Distribution

Percentile by Number Answered

Percent of People with Each Score

Your Score History

You have not taken this quiz since the last reset